| 000 | 00780cam a22002535a 4500 | ||
|---|---|---|---|
| 001 | L154890 | ||
| 008 | 120130s2011 xxko f 000 0 eng d | ||
| 020 | _a9781848062283 | ||
| 035 | _a(Sirsi) u154890 | ||
| 041 | 0 | _aeng | |
| 100 | 1 | _aSutton, Andy | |
| 245 | 0 | 0 |
_aCross-laminated timber _ban introduction to low-impact building materials |
| 260 |
_aWatford _bBRE _c2011 |
||
| 300 |
_a6p. _bill. _c30cm. |
||
| 490 | 0 |
_aBRE Information Paper _v(17/11) |
|
| 520 | _aGives a broad overview of the advantages and disadvantages of using cross-laminated timber in construction projects. | ||
| 521 | _aAdvanced | ||
| 590 | _aKA | ||
| 651 | 4 |
_aUnited Kingdom _y |
|
| 690 | _aBuilding materials and defects | ||
| 700 | 1 | _aBlack, Daniel | |
| 700 | 1 | _aWalker, Peter | |
| 942 | _n0 | ||
| 999 |
_c113218 _d113218 |
||